000235215 001__ 235215
000235215 005__ 20260201182403.0
000235215 022__ $$2(DE-600)93343-0$$a0213-988X
000235215 022__ $$a0213-988X$$l2695-7728
000235215 022__ $$a2695-7728
000235215 0247_ $$2ZDBID$$aPERI:(DE-600)2558388-8
000235215 0247_ $$2ZDBPPN$$aZDPPN:1003465757
000235215 0247_ $$2EZBID$$aPERI:(DE-606)135522
000235215 0247_ $$2EZBID$$aPERI:(DE-606)135522
000235215 0247_ $$2OCLC$$aOCLC:1368474089
000235215 0247_ $$2SCOPUS$$aSCOPUS:21101149131
000235215 035__ $$aPERI:(DE-600)2558388-8
000235215 040__ $$a0355$$bger$$cDE-101$$dJOIN²$$eJOIN² journal identification
000235215 041__ $$aspa
000235215 044__ $$cXA-ES
000235215 082__ $$222sdnb$$a340$$qDE-600
000235215 08274 $$222sdnb$$a340$$qDE-600
000235215 084__ $$2fid$$aINTRECHT$$qDE-1a
000235215 1102_ $$0(DE-101)000460613$$2gnd$$4aut$$aUniversidad de Extremadura$$bFacultad de Derecho$$eVerfasser
000235215 24220 $$2DE-600$$aAnuario de la Facultad de Derecho$$cUniversidad de Extremadura$$yen
000235215 245__ $$2DE-600$$aAnuario de la Facultad de Derecho$$cUniversidad de Extremadura$$hprint, online
000235215 2463_ $$2DE-600$$aAnuario de la Facultad de Derecho
000235215 2463_ $$aAnuario de la Facultad de Derecho
000235215 2463_ $$aAnuario de la Facultad de Derecho, Universidad de Extremadura
000235215 260__ $$aCáceres$$bUniv. Servicio de Publ.$$c1982-
000235215 260__ $$aGetzville, NY$$bHeinOnline$$c1982-
000235215 2607_ $$2DOAJ$$aSpain$$bUniversidad de Extremadura$$d2020-05-20T17:50:36Z$$fUniversidad de Extremadura
000235215 26431 $$aCáceres$$bUniv. Servicio de Publ.$$c1982-
000235215 26431 $$aGetzville, NY$$bHeinOnline$$c1982-
000235215 3620_ $$2DE-600$$a1.1982 -
000235215 36301 $$2DE-600$$81.1\x$$a1$$i1982
000235215 380__ $$2marcgt$$ajournal
000235215 500__ $$aAutomatically generated record. (Updated: 2025-11-12)
000235215 650_7 $$0ASJC:3321$$2ASJC$$aPublic Administration
000235215 650_7 $$0ASJC:3308$$2ASJC$$aLaw
000235215 65310 $$2EZB-Subject$$aJurisprudence
000235215 65310 $$2EZB-Keyword$$aAllgemeine Rechtswissenschaften
000235215 65310 $$2DOAJ$$alaw$$d2020-05-20T17:50:36Z
000235215 65310 $$2DOAJ$$ajurisprudence$$d2020-05-20T17:50:36Z
000235215 65310 $$2DOAJ$$alegislation$$d2020-05-20T17:50:36Z
000235215 65310 $$2DOAJ$$asocial sciences$$d2020-05-20T17:50:36Z
000235215 65310 $$2DOAJ$$alegal studies$$d2020-05-20T17:50:36Z
000235215 65310 $$2DOAJ$$aLaw$$d2020-05-20T17:50:36Z
000235215 77608 $$2DE-600$$aUniversidad de Extremadura / Facultad de Derecho$$dCáceres : Univ. Servicio de Publ., 1983-$$iErscheint auch als$$nDruck-Ausgabe$$tAnuario de la Facultad de Derecho$$w(DE-600)93343-0$$x0213-988X
000235215 8564_ $$d0$$uhttp://heinonline.org$$yAggregator
000235215 8564_ $$d0$$uhttps://dialnet.unirioja.es/servlet/revista?codigo=116$$yVerlag = kostenfrei
000235215 8564_ $$d0$$uhttps://ezb.ur.de/?2558388-8$$yEZB
000235215 8564_ $$d0$$uhttps://publicaciones.unex.es/index.php/AFD/about$$yScope
000235215 8564_ $$d0$$uhttps://publicaciones.unex.es/index.php/AFD/about/editorialTeam$$yEditorial board
000235215 8564_ $$d0$$uhttps://publicaciones.unex.es/index.php/AFD/autores$$yInstructions for Authors
000235215 8564_ $$d0$$uhttps://publicaciones.unex.es/index.php/AFD/politicas$$yAPC information
000235215 8801_ $$2DE-600$$aAnuario de la Facultad de Derecho$$cUniversidad de Extremadura
000235215 909CO $$ooai:juser.fz-juelich.de:886476$$pauthority$$pauthority:PERI
000235215 909CO $$ooai:juser.fz-juelich.de:886476
000235215 915__ $$0StatID:(DE-HGF)0501$$2StatID$$aDBCoverage$$bDOAJ Seal$$d2020-05-20T17:50:36Z
000235215 915__ $$0StatID:(DE-HGF)0500$$2StatID$$aDBCoverage$$bDOAJ$$d2020-05-20T17:50:36Z
000235215 915__ $$0StatID:(DE-HGF)0030$$2StatID$$aPeer Review$$bDOAJ : Double anonymous peer review$$d2020-05-20T17:50:36Z
000235215 915__ $$0LIC:(DE-HGF)CCBYNV$$2V:(DE-HGF)$$aCreative Commons Attribution CC BY (No Version)$$bDOAJ$$d2020-05-20T17:50:36Z
000235215 915__ $$0StatID:(DE-HGF)0200$$2StatID$$aDBCoverage$$bSCOPUS$$d2025-11-12
000235215 980__ $$aPERI
000235215 980__ $$aAUTHORITY